Mort Subite - Les rois de Belgique - Statistiques

Statistiques générales
  • Ce quiz a été pris 58 fois
  • Le résultat moyen est 5 sur 7
Answers on the Grid
Answers color-coded by a green-red scale on the quiz's grid according to % correct below.
Albert II
Louis XIV
Laurent
Philippe
Léopold IV
Jean V
Marc III
Louis I
Albert I
Baudoin II
Albert III
Léopold II
Albert IV
Elisabeth
Phillipe II
Léopold I
Belgique 1
Léopold V
Baudoin
Léopold III
 
Statistiques - réponses
Réponse % Correct
Albert II
81%
Léopold II
72%
Philippe
70%
Albert I
65%
Léopold I
65%
Léopold III
58%
Baudoin
53%
Aucun quiz correspondant
Distribution des résultats
% des personnes avec chaque résultat
Percentile par nombre de réponses
Votre historique - résultats
Vous n’avez pas pris ce quiz